Statistics for California Groups of Things

Click here to take the quiz!

General Stats

  • This quiz has been taken 25,629 times
    (3,033 since last reset)
  • The average score is 37 of 62

Answer Stats

Category Answer % Correct
Most Populous CitiesLos Angeles
99%
Most Populous CitiesSan Francisco
97%
Most Populous CitiesSan Diego
95%
Bordering StatesNevada
95%
Bordering StatesOregon
93%
Bordering StatesArizona
92%
Most Populous CitiesSacramento
86%
NBA TeamsLos Angeles Lakers
84%
National ParksYosemite
80%
Most Populous CitiesSan Jose
79%
Biggest Companies Apple
74%
NFL TeamsSan Francisco 49ers
74%
Last 3 GovernorsArnold Schwarzenegger
73%
Big 6 Movie StudiosWalt Disney
72%
NHL TeamsLos Angeles Kings
69%
NBA TeamsSacramento Kings
69%
Most Populous CountiesOrange
69%
MLB Baseball TeamsLos Angeles Dodgers
68%
UC CampusesBerkeley
68%
Biggest Companies Google
67%
NFL TeamsLos Angeles Rams
67%
NBA TeamsGolden State Warriors
65%
MLB Baseball TeamsSan Francisco Giants
63%
NBA TeamsLos Angeles Clippers
62%
NFL TeamsLos Angeles Chargers
62%
MLB Baseball TeamsLos Angeles Angels
60%
Big 6 Movie StudiosUniversal
58%
MLB Baseball TeamsSan Diego Padres
57%
MLB Baseball TeamsOakland Athletics
55%
Most Populous CitiesFresno
52%
Biggest CompaniesFacebook
51%
NHL TeamsAnaheim Ducks
50%
Big 6 Movie Studios20th Century Fox
50%
UC CampusesSanta Barbara
49%
NHL TeamsSan Jose Sharks
49%
Big 6 Movie StudiosWarner Brothers
49%
National ParksRedwood
48%
Big 6 Movie StudiosParamount
47%
UC CampusesRiverside
43%
Big 6 Movie StudiosColumbia
43%
National ParksJoshua Tree
42%
UC CampusesDavis
42%
UC CampusesIrvine
41%
Most Populous CountiesSan Bernardino
41%
National ParksDeath Valley
41%
Last 3 GovernorsJerry Brown
39%
National ParksSequoia
38%
Last 3 GovernorsGavin Newsom
34%
UC CampusesSanta Cruz
33%
UC CampusesMerced
21%
National ParksKings Canyon
17%
National ParksChannel Islands
17%
National ParksLassen Volcanic
16%
National ParksPinnacles
15%
Biggest Companies Chevron
8%
Biggest Companies Visa
5%

Score Distribution

Percentile by Number Answered

Percent of People with Each Score

Your Score History

You have not taken this quiz since the last reset